000
00249nam a22001097a 4500
082
_a
684.08 EUA'W
100
_a
EVANS, HARRY T
_9
9290
245
_a
THE WOODWORKERS BOOK OF FACTS
260
_a
LONDON
_b
TECHNICAL
_c
1962
300
_a
126P
942
_c
BK
999
_c
582678
_d
582678